书目信息 |
| 题名: |
当代西方经济学新词典
|
|
| 作者: | 杨春学 主编 | |
| 分册: | ||
| 出版信息: | 长春 吉林人民出版社 2005 |
|
| 页数: | 460页 | |
| 开本: | 20cm | |
| 丛书名: | ||
| 单 册: | ||
| 中图分类: | F0-61 | |
| 科图分类: | ||
| 主题词: | 现代资产阶级经济学--词典 , 现代资产阶级经济学 | |
| 电子资源: | ||
| ISBN: | 7-206-03849-2 | |
| 000 | 00873nam0 2200265 45 | |
| 001 | 012006200045 | |
| 005 | 20070709082459.98 | |
| 010 | @a7-206-03849-2@dCNY39.00 | |
| 092 | @aCN@b485690 | |
| 100 | @a20060206d2005 em y0chiy0121 ea | |
| 101 | 0 | @achi |
| 102 | @aCN@b220000 | |
| 105 | @ay ae 001yy | |
| 200 | 1 | @a当代西方经济学新词典@9dang dai xi fang jing ji xue xin ci dian@f杨春学主编 |
| 205 | @a2版 | |
| 210 | @a长春@c吉林人民出版社@d2005 | |
| 215 | @a460页@d20cm | |
| 320 | @a有书目 | |
| 330 | @a本词典收编的概念基本上限于大学教学中通常所说的“经济学”,但超出“初级经济学”的范围。此外,还收编对当代西方经济学之发展有重大影响的经济学流派和经济学家。 | |
| 606 | 0 | @a现代资产阶级经济学@j词典 |
| 606 | 0 | @a现代资产阶级经济学 |
| 690 | @aF0-61@v4 | |
| 701 | 0 | @a杨春学@9yang chun xue@4主编 |
| 801 | 0 | @aCN@bLZJBOOK@c20070709 |
| 905 | @a10447@dF0-61@e316=2 | |
| 当代西方经济学新词典/杨春学主编.-2版.-长春:吉林人民出版社,2005 |
| 460页;20cm |
| ISBN 7-206-03849-2:CNY39.00 |
| 本词典收编的概念基本上限于大学教学中通常所说的“经济学”,但超出“初级经济学”的范围。此外,还收编对当代西方经济学之发展有重大影响的经济学流派和经济学家。 |
| ● |
| 相关链接 |
|
|
|
|
正题名:当代西方经济学新词典
索取号:F0-61/316=2
 
预约/预借
| 序号 | 登录号 | 条形码 | 馆藏地/架位号 | 状态 | 备注 |
| 1 | 0554345 | 205543456 | 第一样本阅览室/ [索取号:F0-61/316=2] | 在馆 | |
| 2 | 0554346 | 205543465 | 第一借阅区/ [索取号:F0-61/316=2] | 在馆 | |
| 3 | 0554347 | 205543474 | 第一借阅区/ [索取号:F0-61/316=2] | 在馆 | |
| 4 | 0554348 | 205543483 | 第一借阅区/ [索取号:F0-61/316=2] | 在馆 | |
| 5 | 0554349 | 205543492 | 第一借阅区/ [索取号:F0-61/316=2] | 在馆 | |
| 6 | 0554350 | 205543508 | 第一借阅区/ [索取号:F0-61/316=2] | 在馆 | |
| 7 | 0554351 | 205543517 | 第一借阅区/ [索取号:F0-61/316=2] | 在馆 | |
| 8 | 0554352 | 205543526 | 第一借阅区/ [索取号:F0-61/316=2] | 在馆 |